000 00309 a2200121 4500
001 54920
090 _c34012
_d34012
100 _aZaidi, Junaid
245 _aNumerical analysis; math 603 Lecture Cds of virtual university
260 _aLahore
_bvirtual university
_c2006
500 _aCD/DVD
520 _avideo library
942 _aNUST-CAE
999 _c289993
_d289993